The compleat surveyor (Record no. 7371)

MARC details
000 -LEADER
fixed length control field 01101cab a2200217 4500
001 - CONTROL NUMBER
control field ABS38624
008 - FIXED-LENGTH DATA ELEMENTS--GENERAL INFORMATION
fixed length control field 090401t1987 xxu||||| |||| 00| 0 eng d
035 ## - SYSTEM CONTROL NUMBER
System control number (Sirsi) u11561
041 ## - LANGUAGE CODE
Language code of text/sound track or separate title eng
100 ## - MAIN ENTRY--PERSONAL NAME
Personal name Barrett, P.S.
245 #4 - TITLE STATEMENT
Title The compleat surveyor
260 ## - PUBLICATION, DISTRIBUTION, ETC.
Date of publication, distribution, etc. 1987
350 ## - PRICE (NR) (BK AM CF MU VM SE) [OBSOLETE]
Price 0
490 ## - SERIES STATEMENT
Series statement Chartered Surveyor Weekly
Volume/sequential designation 21(9) 26 November 1987, 37-38(2)
520 ## - SUMMARY, ETC.
Summary, etc. Increasingly the sucessful chartered surveyor needs to be an all round manager as well as having surveying skills . The organised surveyor is aware of the benefit to be gained by structuring the firm sensibly to divide the workforce to match market demands. He must assess available resources carefully, assess and apportion the workload and market his services to bring in sufficient work in the future. The ideal surveyor guides his organisation within a long-term objective view and engineers a fit between its capabilities and demand within the market.
650 ## - SUBJECT ADDED ENTRY--TOPICAL TERM
Topical term or geographic name entry element MANAGEMENT
650 ## - SUBJECT ADDED ENTRY--TOPICAL TERM
Topical term or geographic name entry element SURVEYORS
690 ## - LOCAL SUBJECT ADDED ENTRY--TOPICAL TERM (OCLC, RLIN)
Topical term or geographic name as entry element MANAGEMENT-BUSINESS MANAGEMENT-PROFESSIONAL PRACTICE
942 ## - ADDED ENTRY ELEMENTS (KOHA)
Suppress in OPAC 0
948 ## - LOCAL PROCESSING INFORMATION (OCLC); SERIES PART DESIGNATOR (RLIN)
c (OCLC) 04/03/1997
Holdings
Withdrawn status Lost status Source of classification or shelving scheme Damaged status Not for loan Home library Current library Shelving location Date acquired Total Checkouts Full call number Barcode Date last seen Copy number Price effective from Koha item type
    Dewey Decimal Classification     London London Journal article 14/09/1999   ABS38624 11561-1001 06/08/2019 1 06/08/2019 Journal article